| 000 | 00822nam a2200229Ii 4500 | ||
|---|---|---|---|
| 003 | JO-AjNU | ||
| 008 | 230605s9999||||xx |||||||||||||| ||und|| | ||
| 017 | _a2001/10/2161 | ||
| 020 | _a9957-07-261-7 | ||
| 040 |
_aJO-AjNU _bara _erda _cJO-AjNU |
||
| 041 | _aara | ||
| 050 | 1 | 4 | _aBP135.A1.H36 2002 |
| 100 | 3 |
_aحمودة، محمود محمد، م.مشارك: عبد السلام عطوة الفندي، أحمد غسان الناجي, _eauthor _941548 |
|
| 245 | 0 | 0 | _aالواضح في علوم الحديث |
| 250 | _aط1 | ||
| 264 | 3 | 1 | _aعمان: دار الفكر للطباعة والنشر والتوزيع، 2002 |
| 300 | _a207ص | ||
| 336 |
_atext _btxt _2rdacontent |
||
| 337 |
_aunmediated _bn _2rdamedia |
||
| 338 |
_avolume _bnc _2rdacarrier |
||
| 650 | 4 |
_aالاسلام - علوم الحديث _941549 |
|
| 999 |
_aA17722 _c21290 _d21290 |
||